GENETICKÁ PODMIENENOSŤ KVANTITATÍVNYCH ZNAKOV PŠENICE

Bibliographic Details
Main Authors: Brezinová-Poláková, Beáta (Author), Petrovic, Ján (Author), Čermín, Ľudovít (Author)
Format: Article
Language:Slovak

MARC

LEADER 00000nab a2200000ua 4500
001 vtls010797478
003 SK-MaSNL
005 20260303120322.0
008 230131s1994 xo |||||||||||||||||slo|
035 |a (urnnbn)urn:nbn:sk:snk:ar-0042do 
035 |a (uuid)0b868d17-cb2c-4b39-adfe-5070f2d0dc8a 
035 |a urn:nbn:sk:snk-ab428x 
040 |a SNKBUCL  |b slo  |c SNKBUCL  |e AACR2 
041 0 |a slo 
044 |a xo  |c SK 
100 1 |a Brezinová-Poláková, Beáta  |4 aut  |9 225057 
245 1 0 |a GENETICKÁ PODMIENENOSŤ KVANTITATÍVNYCH ZNAKOV PŠENICE  |c Beáta Brezinová-Poláková, Ján Petrovic, Ľudovít Čermín 
246 3 |a GENETIC DETERMINATION OF QUANTITATIVE CHARACTERS IN WHEAT 
700 1 |a Petrovic, Ján  |4 aut  |9 5311 
700 1 |a Čermín, Ľudovít  |4 aut  |9 279519 
773 0 |t Poľnohospodárstvo : časopis pre poľnohospodárske vedy  |g Roč. 40, č. 8 (1994), s. 572-581 
954 |a odborná, vedecká literatúra pôvodná (slovenská)  |2 lita 
958 |a OND 
958 |a EUIPO 
958 |a article3 
999 |c 1908821  |d 1910751